| 000 | 00000nam##2200000za#4500 |
| 001 | 9.571164 |
| 003 | CaOODSP |
| 005 | 20210624182605 |
| 007 | cr ||||||||||| |
| 008 | 150406|1992||||xxc|||||o f|0| 0 eng|d |
| 040 | |aCaOODSP|beng |
| 043 | |an-cn--- |
| 086 | 1 |aEn1-17/1-1992E-PDF |
| 110 | 1 |aCanada.|bEnvironment Canada. |bTechnology Development Section. |
| 245 | 10|aIndustrial wastewater. Treatment of pulp and paper mill effluent by biofiltration using the Biocarbone process |h[electronic resource] |
| 260 | |aMontreal - Quebec : |bEnvironment Canada. |cMay 1992. |
| 300 | |a4p.|bfig., table, photographs |
| 490 | 1 |aSt. Lawrence technologies |
| 500 | |aThe catalogue number (En1-17/1-1992E), ISSN (1188-8903) and ISBN (0-662-19728-3) for the print edition have been incorrectly copied in this electronic publication. |
| 590 | |a12-02-Supp|b2012-01-20 |
| 690 | 07|aIndustrial waste|2gcpds |
| 690 | 07|aPulp and paper industry|2gcpds |
| 690 | 07|aWaste management|2gcpds |
| 775 | 08|tEaux usées industrielles. Traitement d'effluent d'usine de pâtes et papier par biofiltration avec le procédé Biocarbone |w(CaOODSP)9.601799 |
| 776 | 0#|tIndustrial wastewater: treatment of pulp and paper mill effluent by biofiltration using the Biocarbone process / |w(CaOODSP)9.609859 |
| 830 | #0|aSt. Lawrence technologies.|w(CaOODSP)9.504441 |
| 856 | 40|ahttp://publications.gc.ca|qPDF|s460 KB|uhttps://publications.gc.ca/collections/Collection/En1-17-1-1992E.pdf |